[Event "9th RTU Open 2019"]
[Site "Riga"]
[Date "2019.08.09"]
[Round "8.9"]
[White "Vogel, Roven"]
[Black "Smirin, Ilia"]
[Result "1/2-1/2"]
[WhiteElo "2456"]
[BlackElo "2605"]
[Annotator "TA"]
[PlyCount "114"]
[EventDate "2019.08.05"]
[EventType "swiss"]
[EventCountry "LAT"]
[SourceTitle "playchess.com"]
[Source "ChessBase"]
[SourceQuality "1"]

{[%evp 22,114,58,25,34,25,27,25,37,24,27,27,34,22,23,26,28,22,28,28,24,28,28,26,20,0,24,0,27,0,52,37,46,41,42,0,0,-35,-27,-30,-19,-35,-35,-46,0,0,0,0,0,0,16,7,24,0,6,6,14,0,0,14,0,0,31,30,21,27,63,43,137,136,242,241,220,242,230,203,287,185,348,362,421,242,237,51,62,0,0,0,0,0,0,0,0,0,0]} 1. d4 Nf6 2. c4 c5 3. Nf3 cxd4 4. Nxd4 b6 5. f3 Bb7 6. e4 d6 7. Nc3 e6 8. Be3 Be7 9. Be2 O-O 10. O-O a6 11. Qd2 Nbd7 12. a4 Rb8 {A31: Symmetrical English: 2 Nf3 Nf6 3 d4} 13. Rac1 $146 ({Predecessor:} 13. a5 bxa5 14. Ra2 Nc5 15. Na4 Ba8 16. Nxc5 dxc5 17. Nc2 a4 18. Bd1 Bc6 19. Na1 Rb4 20. Qc3 {1-0 (50) Durarbayli,V (2622)-Arnold,M (2524) chess.com INT 2018}) 13... Re8 14. Rfd1 Rc8 {White has an edge.} 15. Kh1 Ne5 16. b3 Qc7 17. Bf1 Qb8 18. Nde2 Ba8 19. Nf4 Nc6 20. Rb1 Nd7 21. Qf2 Nce5 22. Nd3 Ng6 23. Nf4 Nge5 24. Nd3 Ng6 25. Nf4 Ngf8 (25... Nge5 $1 $11) 26. Qg3 Bf6 27. Nfe2 Be5 28. Bf4 Red8 29. Rd2 Ng6 30. Bxe5 dxe5 31. Rbd1 Nc5 {Hoping for ...Rxd2.} 32. b4 Nb3 33. Rb2 Rxd1 34. Nxd1 {[%cal Bc3d1,Bd1e3,Be3c4][%mdl 32]} Qd6 35. Qe1 Nd4 36. Ne3 Rd8 37. Nc3 f5 38. c5 bxc5 39. Nc4 $36 {[%mdl 2048] White has some pressure.} Qe7 40. b5 axb5 41. axb5 fxe4 42. Nxe4 Bd5 43. b6 {[%cal Bb5b6,Bb6b7][%mdl 32]} Ra8 44. Ncd6 Nc6 (44... Nf8 $1 $14) 45. Qc1 $16 Nf8 (45... Rd8 $16) 46. b7 $18 ({Resist} 46. Qxc5 $6 Rd8) 46... Rb8 47. Qxc5 Nd7 48. Qc3 Nf6 (48... Rd8 $142 49. Nc8 Qf8) 49. Ba6 h6 $2 {[#]} (49... Nxe4 50. Nxe4 Rd8) 50. Nc8 Qc7 51. Ned6 (51. Nxf6+ $142 gxf6 52. h3) 51... Qd8 52. Bd3 $2 (52. Rb5 $18) 52... Na5 $1 $14 {[%cal Ra5b7]} 53. Be4 (53. h3 $14) 53... Bxe4 {The position is equal.} 54. fxe4 {[#] Strongly threatening h3.} Rxb7 55. Rxb7 Nxb7 56. Qxe5 Qd7 57. h3 $1 Nxd6 {Accuracy: White = 33%, Black = 53%.} 1/2-1/2

[Event "9th RTU Open 2019"]
[Site "Riga"]
[Date "2019.08.09"]
[Round "8.10"]
[White "Grinev, Valeriy"]
[Black "Dastan, Muhammed Batuhan"]
[Result "0-1"]
[WhiteElo "2437"]
[BlackElo "2565"]
[Annotator "ChessBase"]
[PlyCount "118"]
[EventDate "2019.08.05"]
[EventType "swiss"]
[EventCountry "LAT"]
[SourceTitle "playchess.com"]
[Source "ChessBase"]
[SourceQuality "1"]
[TimeControl "5400+30"]

1. c4 {[%emt 0:01:14]} f5 {[%emt 0:00:00]} 2. Nc3 {[%emt 0:00:14]} Nf6 {[%emt 0:00:04]} 3. g3 {[%emt 0:00:13]} g6 {[%emt 0:00:16]} 4. Nf3 {[%emt 0:00:11]} Bg7 {[%emt 0:00:13]} 5. Bg2 {[%emt 0:00:07]} O-O {[%emt 0:00:06]} 6. O-O {[%emt 0:00:07]} d6 {[%emt 0:00:04]} 7. d4 {[%emt 0:00:06]} c6 {[%emt 0:00:03]} 8. Rb1 {[%emt 0:00:06]} a5 {[%emt 0:00:29]} 9. Qb3 {[%emt 0:00:14]} Na6 {[%emt 0:01:03]} 10. Rd1 {[%emt 0:03:34]} h6 {[%emt 0:00:21]} 11. Na4 {[%emt 0:10:28]} Rb8 {[%emt 0:06:19]} 12. Qb6 {[%emt 0:01:42]} Be6 {[%emt 0:05:38]} 13. b3 {[%emt 0:02:16]} Nd7 {[%emt 0:02:18]} 14. Qxd8 {[%emt 0:00:09]} Rfxd8 {[%emt 0:00:08]} 15. d5 {[%emt 0:09:23]} cxd5 {[%emt 0:08:32]} 16. cxd5 {[%emt 0:00:09]} Bf7 {[%emt 0:00:02]} 17. Nd4 {[%emt 0:00:32]} Nc7 {[%emt 0:07:13]} 18. Bb2 {[%emt 0:03:13]} Bxd4 {[%emt 0:08:33]} 19. Rxd4 {[%emt 0:14:27]} b5 {[%emt 0:00:08]} 20. Nc3 {[%emt 0:00:06]} Nf6 {[%emt 0:02:33]} 21. Rbd1 {[%emt 0:02:40]} b4 {[%emt 0:06:18]} 22. Na4 {[%emt 0:00:44]} Kh7 {[%emt 0:02:47]} 23. R4d3 {[%emt 0:12:18]} Kg7 {[%emt 0:06:24]} 24. Bd4 {[%emt 0:07:24]} Rb5 {[%emt 0:01:42]} 25. Nb6 {[%emt 0:04:31]} g5 {[%emt 0:01:34]} 26. e4 {[%emt 0:04:04]} fxe4 {[%emt 0:02:06]} 27. Bxe4 {[%emt 0:00:15]} Kf8 {[%emt 0:02:09]} 28. Bxf6 {[%emt 0:00:51]} exf6 {[%emt 0:00:59]} 29. Nc4 {[%emt 0:00:06]} f5 {[%emt 0:01:17]} 30. Bxf5 {[%emt 0:03:48]} Nxd5 {[%emt 0:00:44]} 31. R1d2 {[%emt 0:01:14]} Nc3 {[%emt 0:03:59]} 32. Ne3 {[%emt 0:04:47]} Rc5 {[%emt 0:05:01]} 33. Rd4 {[%emt 0:01:19]} Nb5 {[%emt 0:01:07]} 34. R4d3 {[%emt 0:01:42]} d5 {[%emt 0:03:02]} 35. Nc2 {[%emt 0:02:26]} d4 {[%emt 0:01:11]} 36. g4 {[%emt 0:02:20]} Rc3 {[%emt 0:01:30]} 37. Kg2 {[%emt 0:01:16]} Rxd3 {[%emt 0:00:26]} 38. Rxd3 {[%emt 0:01:06]} Kg7 {[%emt 0:01:35]} 39. f4 {[%emt 0:02:01]} Bd5+ {[%emt 0:04:58]} 40. Kg3 {[%emt 0:01:12]} Bb7 {[%emt 0:00:07]} 41. fxg5 {[%emt 0:00:06]} hxg5 {[%emt 0:00:05]} 42. h4 {[%emt 0:00:30]} gxh4+ {[%emt 0:00:19]} 43. Kxh4 {[%emt 0:00:05]} Kf6 {[%emt 0:00:27]} 44. Rd2 {[%emt 0:01:24]} Ke5 {[%emt 0:06:30]} 45. Re2+ {[%emt 0:00:08]} Kf4 {[%emt 0:00:04]} 46. Rf2+ {[%emt 0:00:51]} Bf3 {[%emt 0:00:04]} 47. Kh5 {[%emt 0:00:19]} Kg3 {[%emt 0:03:52]} 48. Rd2 {[%emt 0:00:04]} Bxg4+ {[%emt 0:00:48]} 49. Bxg4 {[%emt 0:00:24]} Rd5+ {[%emt 0:00:04]} 50. Kg6 {[%emt 0:04:03]} Kxg4 {[%emt 0:00:04]} 51. Rf2 {[%emt 0:01:41]} Nd6 {[%emt 0:04:29]} 52. Rd2 {[%emt 0:00:38]} Nf5 {[%emt 0:00:26]} 53. a3 {[%emt 0:00:09]} d3 {[%emt 0:02:25]} 54. Ne1 {[%emt 0:00:04]} Nh4+ {[%emt 0:01:42]} 55. Kf6 {[%emt 0:01:41]} Nf3 {[%emt 0:00:08]} 56. Ng2 {[%emt 0:00:44]} Rf5+ {[%emt 0:00:53]} 57. Ke6 {[%emt 0:00:07]} Nxd2 {[%emt 0:00:06]} 58. Ne3+ {[%emt 0:00:03]} Kf4 {[%emt 0:00:08]} 59. Nxf5 {[%emt 0:00:27]} bxa3 {[%emt 0:00:05] Ke5+ Kxe5} 0-1

[Event "9th RTU Open 2019"]
[Site "Riga"]
[Date "2019.08.09"]
[Round "8.11"]
[White "Wagner, Dennis"]
[Black "Korchmar, Vasiliy"]
[Result "1/2-1/2"]
[WhiteElo "2579"]
[BlackElo "2424"]
[Annotator "ChessBase"]
[PlyCount "124"]
[EventDate "2019.08.05"]
[EventType "swiss"]
[EventCountry "LAT"]
[SourceTitle "playchess.com"]
[Source "ChessBase"]
[SourceQuality "1"]
[TimeControl "5400+30"]

1. d4 {[%emt 0:02:10]} Nf6 {[%emt 0:00:00]} 2. c4 {[%emt 0:00:18]} e6 {[%emt 0:00:00]} 3. Nf3 {[%emt 0:00:09]} d5 {[%emt 0:00:03]} 4. Nc3 {[%emt 0:00:08]} Bb4 {[%emt 0:00:10]} 5. cxd5 {[%emt 0:00:40]} exd5 {[%emt 0:00:07]} 6. Bg5 {[%emt 0:00:05]} h6 {[%emt 0:00:28]} 7. Bh4 {[%emt 0:00:09]} O-O {[%emt 0:00:10]} 8. e3 {[%emt 0:00:29]} Bf5 {[%emt 0:00:07]} 9. Be2 {[%emt 0:00:22]} Nbd7 {[%emt 0:04:31]} 10. Qb3 {[%emt 0:00:27]} Bxc3+ {[%emt 0:00:30]} 11. Qxc3 {[%emt 0:00:05]} c5 {[%emt 0:03:08]} 12. dxc5 {[%emt 0:01:33]} g5 {[%emt 0:00:24]} 13. Bg3 {[%emt 0:04:17]} Ne4 {[%emt 0:00:14]} 14. Qa3 {[%emt 0:16:35]} Ndxc5 {[%emt 0:03:44]} 15. O-O {[%emt 0:04:02]} Nxg3 {[%emt 0:05:20]} 16. hxg3 {[%emt 0:00:14]} Qb6 {[%emt 0:00:53]} 17. Rfd1 {[%emt 0:09:20]} Rfd8 {[%emt 0:03:56]} 18. Nd4 {[%emt 0:01:08]} Be4 {[%emt 0:05:49]} 19. Bg4 {[%emt 0:13:59]} Nd7 {[%emt 0:27:34]} 20. Bxd7 {[%emt 0:06:25]} Rxd7 {[%emt 0:00:06]} 21. g4 {[%emt 0:00:06]} Rc8 {[%emt 0:01:24]} 22. Rac1 {[%emt 0:00:39]} Rdc7 {[%emt 0:04:36]} 23. Rxc7 {[%emt 0:09:45]} Rxc7 {[%emt 0:00:05]} 24. b3 {[%emt 0:00:32]} Qc5 {[%emt 0:10:20]} 25. Qb2 {[%emt 0:18:18]} a5 {[%emt 0:04:33]} 26. f3 {[%emt 0:01:15]} Bg6 {[%emt 0:00:13]} 27. Kf2 {[%emt 0:00:10]} b5 {[%emt 0:01:29]} 28. a3 {[%emt 0:06:12]} b4 {[%emt 0:00:22]} 29. axb4 {[%emt 0:00:05]} Qxb4 {[%emt 0:06:00]} 30. Qd2 {[%emt 0:02:10]} Rc3 {[%emt 0:01:34]} 31. Kg3 {[%emt 0:01:48]} Qc5 {[%emt 0:02:22]} 32. Ra1 {[%emt 0:00:49]} Kh7 {[%emt 0:02:29]} 33. Kf2 {[%emt 0:00:05]} Qb4 {[%emt 0:03:04]} 34. Ra4 {[%emt 0:01:01]} Qc5 {[%emt 0:00:01]} 35. Ra2 {[%emt 0:00:44]} Qb4 {[%emt 0:00:12]} 36. Ra4 {[%emt 0:00:43]} Qc5 {[%emt 0:00:12]} 37. Ra1 {[%emt 0:00:52]} Qb4 {[%emt 0:00:02]} 38. Rd1 {[%emt 0:00:33]} Qc5 {[%emt 0:00:30]} 39. Qe1 {[%emt 0:00:33]} Qb4 {[%emt 0:04:11]} 40. Ra1 {[%emt 0:00:14]} Qc5 {[%emt 0:00:18]} 41. Ra2 {[%emt 0:00:25]} Qc7 {[%emt 0:00:46]} 42. Qd2 {[%emt 0:00:49]} Qc5 {[%emt 0:01:00]} 43. Qe1 {[%emt 0:00:19]} Qc7 {[%emt 0:00:01]} 44. Ra1 {[%emt 0:00:32]} Qc5 {[%emt 0:00:04]} 45. Rd1 {[%emt 0:00:03]} Qb4 {[%emt 0:00:05]} 46. Rc1 {[%emt 0:00:27]} Rxc1 {[%emt 0:01:20]} 47. Qxc1 {[%emt 0:00:02]} a4 {[%emt 0:00:13]} 48. bxa4 {[%emt 0:00:03]} Qxa4 {[%emt 0:00:02]} 49. Qb2 {[%emt 0:00:14]} Qd1 {[%emt 0:00:37]} 50. Ne2 {[%emt 0:02:00]} Bd3 {[%emt 0:00:50]} 51. Ng3 {[%emt 0:00:13]} Bg6 {[%emt 0:01:24]} 52. Qd4 {[%emt 0:01:06]} Qxd4 {[%emt 0:02:42]} 53. exd4 {[%emt 0:00:01]} Kg7 {[%emt 0:00:00]} 54. Ke3 {[%emt 0:00:28]} Kf6 {[%emt 0:00:07]} 55. Kd2 {[%emt 0:00:23]} Ke6 {[%emt 0:00:09]} 56. Kc3 {[%emt 0:00:30]} Kd6 {[%emt 0:03:27]} 57. Kb4 {[%emt 0:00:46]} Kc6 {[%emt 0:00:44]} 58. Ka5 {[%emt 0:00:21]} Bd3 {[%emt 0:00:28]} 59. Nf5 {[%emt 0:00:55]} h5 {[%emt 0:00:59]} 60. Ne7+ {[%emt 0:00:38]} Kd6 {[%emt 0:00:26]} 61. Nf5+ {[%emt 0:00:24]} Kc6 {[%emt 0:00:11]} 62. Ne7+ {[%emt 0:00:31]} Kd6 {[%emt 0:00:02]} 1/2-1/2

[Event "9th RTU Open 2019"]
[Site "Riga"]
[Date "2019.08.09"]
[Round "8.12"]
[White "Gokerkan, Cem Kaan"]
[Black "Lalith Babu M R"]
[Result "0-1"]
[WhiteElo "2415"]
[BlackElo "2580"]
[Annotator "ChessBase"]
[PlyCount "78"]
[EventDate "2019.08.05"]
[EventType "swiss"]
[EventCountry "LAT"]
[SourceTitle "playchess.com"]
[Source "ChessBase"]
[SourceQuality "1"]
[TimeControl "5400+30"]

1. e4 {[%emt 0:08:00]} e5 {[%emt 0:00:00]} 2. Nf3 {[%emt 0:00:06]} Nc6 {[%emt 0:00:00]} 3. Bc4 {[%emt 0:00:05]} Bc5 {[%emt 0:00:00]} 4. c3 {[%emt 0:00:11]} Nf6 {[%emt 0:00:00]} 5. d3 {[%emt 0:00:05]} a6 {[%emt 0:00:00]} 6. O-O {[%emt 0:01:29]} d6 {[%emt 0:00:09]} 7. a4 {[%emt 0:01:52]} Ba7 {[%emt 0:00:05]} 8. Re1 {[%emt 0:07:18]} Ng4 {[%emt 0:01:46]} 9. Re2 {[%emt 0:10:59]} Qf6 {[%emt 0:01:14]} 10. Bg5 {[%emt 0:18:55]} Qg6 {[%emt 0:00:33]} 11. Nbd2 {[%emt 0:01:27]} h6 {[%emt 0:03:49]} 12. Bh4 {[%emt 0:00:16]} Nf6 {[%emt 0:01:15]} 13. Re1 {[%emt 0:07:36]} Nh5 {[%emt 0:02:04]} 14. Nf1 {[%emt 0:01:21]} O-O {[%emt 0:02:54]} 15. Ne3 {[%emt 0:03:18]} Be6 {[%emt 0:03:34]} 16. Nd5 {[%emt 0:10:27]} Bh3 {[%emt 0:06:03]} 17. Bg5 {[%emt 0:08:31]} hxg5 {[%emt 0:09:47]} 18. gxh3 {[%emt 0:00:13]} Nf4 {[%emt 0:00:12]} 19. Nxf4 {[%emt 0:00:49]} gxf4+ {[%emt 0:00:05]} 20. Kf1 {[%emt 0:00:06]} Qh6 {[%emt 0:04:32]} 21. Ng1 {[%emt 0:03:04]} Ne7 {[%emt 0:00:30]} 22. Qg4 {[%emt 0:00:43]} g6 {[%emt 0:19:34]} 23. Nf3 {[%emt 0:00:37]} Kh8 {[%emt 0:00:03]} 24. Qd7 {[%emt 0:01:18]} Ng8 {[%emt 0:02:25]} 25. Qxc7 {[%emt 0:02:07]} Qxh3+ {[%emt 0:01:02]} 26. Ke2 {[%emt 0:00:00]} Qg2 {[%emt 0:00:37]} 27. Rf1 {[%emt 0:00:43]} Nf6 {[%emt 0:02:06]} 28. Qxd6 {[%emt 0:03:42]} Ng4 {[%emt 0:00:24]} 29. d4 {[%emt 0:02:41]} Rad8 {[%emt 0:01:12]} 30. Qe7 {[%emt 0:03:58]} exd4 {[%emt 0:00:28]} 31. Qh4+ {[%emt 0:01:18]} Kg7 {[%emt 0:00:08]} 32. Rg1 {[%emt 0:00:34]} d3+ {[%emt 0:01:59]} 33. Bxd3 {[%emt 0:00:17]} Qxf2+ {[%emt 0:00:11]} 34. Qxf2 {[%emt 0:00:02]} Nxf2 {[%emt 0:00:06]} 35. Bc2 {[%emt 0:00:30]} Nxe4 {[%emt 0:00:44]} 36. Rgd1 {[%emt 0:00:52]} Rde8 {[%emt 0:00:06]} 37. Kf1 {[%emt 0:00:08]} Nf6 {[%emt 0:00:28]} 38. Re1 {[%emt 0:00:44]} Ng4 {[%emt 0:00:18]} 39. Be4 {[%emt 0:01:39]} Re7 {[%emt 0:00:57]} 0-1

[Event "9th RTU Open 2019"]
[Site "Riga"]
[Date "2019.08.09"]
[Round "8.13"]
[White "Jamieson, Peter M"]
[Black "Tania, Sachdev"]
[Result "1-0"]
[WhiteElo "2213"]
[BlackElo "2401"]
[Annotator "NA"]
[PlyCount "71"]
[EventDate "2019.08.05"]
[EventType "swiss"]
[EventCountry "LAT"]
[SourceTitle "playchess.com"]
[Source "ChessBase"]
[SourceQuality "1"]
[TimeControl "5400+30"]

1. e4 {[%emt 0:04:23]} e5 {[%emt 0:00:00]} 2. Nf3 {[%emt 0:00:16]} Nc6 {[%emt 0:00:00]} 3. Bb5 {[%emt 0:00:06]} a6 {[%emt 0:00:00]} 4. Ba4 {[%emt 0:00:05]} Nf6 {[%emt 0:00:00]} 5. O-O {[%emt 0:00:23]} b5 {[%emt 0:00:06]} 6. Bb3 {[%emt 0:00:09]} Bb7 {[%emt 0:00:03]} 7. Re1 {[%emt 0:00:49]} Be7 {[%emt 0:01:02]} 8. d4 {[%emt 0:00:18]} d6 {[%emt 0:03:43]} 9. c3 {[%emt 0:03:59]} O-O {[%emt 0:00:35]} 10. Nbd2 {[%emt 0:00:10]} Nd7 {[%emt 0:02:07]} 11. Nf1 {[%emt 0:03:58]} Na5 {[%emt 0:09:40]} 12. Bc2 {[%emt 0:00:13]} c5 {[%emt 0:02:51]} 13. d5 {[%emt 0:03:25]} Nb6 {[%emt 0:03:20]} 14. Ng3 {[%emt 0:12:25]} Bc8 {[%emt 0:00:04]} 15. Nf5 {[%emt 0:01:58]} Bxf5 {[%emt 0:04:06]} 16. exf5 {[%emt 0:00:05]} Qd7 {[%emt 0:02:10]} 17. h4 {[%emt 0:06:50]} Nb7 {[%emt 0:28:10]} 18. Ng5 {[%emt 0:02:46]} Bf6 {[%emt 0:10:23]} 19. Qh5 {[%emt 0:01:21]} Bxg5 {[%emt 0:08:39]} 20. f6 {[%emt 0:02:32]} g6 {[%emt 0:00:29]} 21. Qxg5 {[%emt 0:00:07]} Kh8 {[%emt 0:02:21]} 22. h5 {[%emt 0:01:59]} Nxd5 {[%emt 0:01:51]} 23. Be4 {[%emt 0:03:36]} Nc7 {[%emt 0:02:44]} 24. Qh6 {[%emt 0:02:52]} Ne6 {[%emt 0:00:08]} 25. Re3 {[%emt 0:02:28]} d5 {[%emt 0:06:08]} 26. Rd3 {[%emt 0:00:22]} Rad8 {[%emt 0:07:21]} 27. Rxd5 {[%emt 0:04:24]} Qxd5 {[%emt 0:00:13]} 28. Bxd5 {[%emt 0:00:13]} Rxd5 {[%emt 0:00:01]} 29. hxg6 {[%emt 0:02:19]} fxg6 {[%emt 0:00:06]} 30. Be3 {[%emt 0:01:22]} Rxf6 {[%emt 0:01:54]} 31. a4 {[%emt 0:00:32]} Nd6 {[%emt 0:02:01]} 32. Qh4 {[%emt 0:00:49]} Rf7 {[%emt 0:02:33]} 33. axb5 {[%emt 0:00:10]} axb5 {[%emt 0:00:02]} 34. Ra8+ {[%emt 0:00:21]} Nf8 {[%emt 0:00:35]} 35. Bh6 {[%emt 0:00:25]} Nf5 {[%emt 0:00:40]} 36. Bxf8 {[%emt 0:00:17]} 1-0

[Event "9th RTU Open 2019"]
[Site "Riga"]
[Date "2019.08.09"]
[Round "8.14"]
[White "Deepan Chakkravarthy J."]
[Black "Keinanen, Toivo"]
[Result "1/2-1/2"]
[WhiteElo "2532"]
[BlackElo "2386"]
[Annotator "ChessBase"]
[PlyCount "89"]
[EventDate "2019.08.05"]
[EventType "swiss"]
[EventCountry "LAT"]
[SourceTitle "playchess.com"]
[Source "ChessBase"]
[SourceQuality "1"]
[TimeControl "5400+30"]

1. Nf3 {[%emt 0:00:00]} d5 {[%emt 0:02:19]} 2. g3 {[%emt 0:00:00]} Nf6 {[%emt 0:02:10]} 3. Bg2 {[%emt 0:00:00]} e6 {[%emt 0:00:11]} 4. O-O {[%emt 0:00:00]} Be7 {[%emt 0:00:04]} 5. d4 {[%emt 0:00:02]} O-O {[%emt 0:00:45]} 6. c4 {[%emt 0:00:55]} dxc4 {[%emt 0:00:01]} 7. Qc2 {[%emt 0:00:01]} b5 {[%emt 0:00:25]} 8. a4 {[%emt 0:04:43]} b4 {[%emt 0:00:08]} 9. Nbd2 {[%emt 0:02:21]} Bb7 {[%emt 0:00:18]} 10. Nxc4 {[%emt 0:00:14]} c5 {[%emt 0:00:13]} 11. dxc5 {[%emt 0:12:05]} Be4 {[%emt 0:00:27]} 12. Qb3 {[%emt 0:02:31]} Nbd7 {[%emt 0:00:55]} 13. Be3 {[%emt 0:07:19]} Nd5 {[%emt 0:11:33]} 14. c6 {[%emt 0:21:27]} Nxe3 {[%emt 0:06:45]} 15. Qxe3 {[%emt 0:00:23]} Bxc6 {[%emt 0:00:14]} 16. Rfd1 {[%emt 0:00:05]} Bd5 {[%emt 0:15:55]} 17. Nfe5 {[%emt 0:01:12]} Bg5 {[%emt 0:13:38]} 18. f4 {[%emt 0:02:25]} Nxe5 {[%emt 0:01:57]} 19. Nxe5 {[%emt 0:03:26]} Bf6 {[%emt 0:00:17]} 20. Rac1 {[%emt 0:06:39]} Bxe5 {[%emt 0:04:32]} 21. fxe5 {[%emt 0:01:56]} Qd7 {[%emt 0:03:58]} 22. b3 {[%emt 0:03:59]} Rfd8 {[%emt 0:05:53]} 23. Bxd5 {[%emt 0:01:31]} exd5 {[%emt 0:00:05]} 24. Qd4 {[%emt 0:00:10]} Qe7 {[%emt 0:02:51]} 25. Rc5 {[%emt 0:00:28]} g6 {[%emt 0:02:00]} 26. Rxd5 {[%emt 0:02:27]} Rxd5 {[%emt 0:01:02]} 27. Qxd5 {[%emt 0:00:01]} Re8 {[%emt 0:01:40]} 28. Rf1 {[%emt 0:00:09]} Qe6 {[%emt 0:05:13]} 29. Qxe6 {[%emt 0:07:41]} Rxe6 {[%emt 0:00:14]} 30. Rf4 {[%emt 0:02:03]} Rxe5 {[%emt 0:01:42]} 31. Rxb4 {[%emt 0:04:27]} Rxe2 {[%emt 0:01:24]} 32. a5 {[%emt 0:00:05]} Ra2 {[%emt 0:03:14]} 33. Rb8+ {[%emt 0:00:12]} Kg7 {[%emt 0:00:05]} 34. b4 {[%emt 0:00:03]} a6 {[%emt 0:02:27]} 35. Rb6 {[%emt 0:00:02]} Rb2 {[%emt 0:00:15]} 36. g4 {[%emt 0:00:02]} h5 {[%emt 0:04:45]} 37. g5 {[%emt 0:15:01]} h4 {[%emt 0:00:40]} 38. h3 {[%emt 0:00:05]} Rb3 {[%emt 0:01:38]} 39. Kf2 {[%emt 0:00:06]} Kg8 {[%emt 0:00:45]} 40. Ke2 {[%emt 0:01:13]} Kg7 {[%emt 0:00:47]} 41. Kf2 {[%emt 0:01:38]} Kg8 {[%emt 0:00:13]} 42. Kf1 {[%emt 0:00:54]} Kf8 {[%emt 0:00:31]} 43. Ke1 {[%emt 0:00:35]} Kg8 {[%emt 0:01:39]} 44. Ke2 {[%emt 0:00:08]} Kg7 {[%emt 0:00:02]} 45. Kf2 {[%emt 0:00:35]} 1/2-1/2

[Event "9th RTU Open 2019"]
[Site "Riga"]
[Date "2019.08.09"]
[Round "8.15"]
[White "Gukesh D"]
[Black "Galchenko, Matvey"]
[Result "1-0"]
[WhiteElo "2520"]
[BlackElo "2383"]
[Annotator "ChessBase"]
[PlyCount "91"]
[EventDate "2019.08.05"]
[EventType "swiss"]
[EventCountry "LAT"]
[SourceTitle "playchess.com"]
[Source "ChessBase"]
[SourceQuality "1"]
[TimeControl "5400+30"]

1. d4 {[%emt 0:00:00]} Nf6 {[%emt 0:00:05]} 2. c4 {[%emt 0:00:00]} Nc6 {[%emt 0:01:15]} 3. Nf3 {[%emt 0:06:00]} e6 {[%emt 0:00:21]} 4. Nc3 {[%emt 0:11:48]} Bb4 {[%emt 0:00:29]} 5. Qc2 {[%emt 0:01:41]} d6 {[%emt 0:04:37]} 6. a3 {[%emt 0:07:09]} Bxc3+ {[%emt 0:00:10]} 7. Qxc3 {[%emt 0:00:07]} a5 {[%emt 0:01:07]} 8. d5 {[%emt 0:11:26]} Nb8 {[%emt 0:08:09]} 9. dxe6 {[%emt 0:02:18]} Bxe6 {[%emt 0:01:09]} 10. b3 {[%emt 0:04:41]} O-O {[%emt 0:01:25]} 11. Bb2 {[%emt 0:00:04]} Nbd7 {[%emt 0:01:13]} 12. Nd4 {[%emt 0:04:49]} Nc5 {[%emt 0:06:53]} 13. f3 {[%emt 0:01:04]} c6 {[%emt 0:10:43]} 14. g4 {[%emt 0:12:19]} Bd7 {[%emt 0:05:52]} 15. h4 {[%emt 0:12:01]} h5 {[%emt 0:13:59]} 16. g5 {[%emt 0:04:55]} Ne8 {[%emt 0:01:48]} 17. e4 {[%emt 0:02:00]} Qb8 {[%emt 0:05:19]} 18. O-O-O {[%emt 0:09:57]} b5 {[%emt 0:03:44]} 19. Qc2 {[%emt 0:00:44]} Qb6 {[%emt 0:02:36]} 20. g6 {[%emt 0:01:37]} fxg6 {[%emt 0:05:22]} 21. Rg1 {[%emt 0:01:41]} Ne6 {[%emt 0:04:33]} 22. Rxg6 {[%emt 0:01:03]} Nf4 {[%emt 0:00:27]} 23. Rg5 {[%emt 0:00:41]} Rc8 {[%emt 0:05:18]} 24. c5 {[%emt 0:02:39]} dxc5 {[%emt 0:00:43]} 25. Nxb5 {[%emt 0:00:22]} cxb5 {[%emt 0:03:41]} 26. Rxd7 {[%emt 0:00:06]} Ne6 {[%emt 0:00:05]} 27. Rg6 {[%emt 0:01:12]} c4 {[%emt 0:01:02]} 28. Qc3 {[%emt 0:00:58]} Nf6 {[%emt 0:06:14]} 29. bxc4 {[%emt 0:00:33]} b4 {[%emt 0:00:50]} 30. axb4 {[%emt 0:00:09]} axb4 {[%emt 0:00:01]} 31. Qe5 {[%emt 0:00:18]} Qe3+ {[%emt 0:01:13]} 32. Rd2 {[%emt 0:00:01]} Nc5 {[%emt 0:00:29]} 33. Kd1 {[%emt 0:00:40]} Rcd8 {[%emt 0:01:20]} 34. Bd4 {[%emt 0:01:13]} Qxf3+ {[%emt 0:00:15]} 35. Be2 {[%emt 0:00:01]} Qb3+ {[%emt 0:02:01]} 36. Kc1 {[%emt 0:00:47]} Ncxe4 {[%emt 0:00:15]} 37. Rb2 {[%emt 0:00:43]} Qh3 {[%emt 0:00:52]} 38. Qe7 {[%emt 0:00:38]} Rf7 {[%emt 0:02:02]} 39. Qxd8+ {[%emt 0:00:05]} Kh7 {[%emt 0:00:01]} 40. Rg1 {[%emt 0:00:29]} Rd7 {[%emt 0:00:04]} 41. Qb6 {[%emt 0:00:21]} Nc3 {[%emt 0:00:20]} 42. Bxf6 {[%emt 0:00:56]} gxf6 {[%emt 0:00:29]} 43. Qf2 {[%emt 0:00:17]} Na4 {[%emt 0:01:20]} 44. Bf3 {[%emt 0:00:40]} Qf5 {[%emt 0:00:31]} 45. Bd1 {[%emt 0:00:36]} Rxd1+ {[%emt 0:00:42]} 46. Rxd1 {[%emt 0:00:12]} 1-0